| 000 | 00354nam a22001577a 4500 | ||
|---|---|---|---|
| 003 | SGT | ||
| 020 | _a9789386896025 | ||
| 082 |
_a610.7367 _bM21M |
||
| 100 | _aMAGON, SHELY | ||
| 245 | _aTB. OF MIDWIFERY AND OBSTETRICS | ||
| 250 | _a4TH | ||
| 260 |
_aINDIA _bLOTUS PUB _c2021 |
||
| 300 | _a1095 | ||
| 650 | _aMIDWIFERY NURSING | ||
| 942 |
_2ddc _cBK _0323 |
||
| 999 |
_c21953 _d21953 |
||